000 00281nam a22001217a 4500
008 160511b xxu||||| |||| 00| 0 eng d
020 _a9780312657864
020 _a0312657862
041 _aeng
080 _a316.77
245 _aSpeak up ! :
_cDouglas M. Fraleigh;
942 _2udc
_cBK
999 _c2026
_d2026